Estados Unidos - Mapa de Estados - Statistics

Estatísticas Gerais
  • Esse quiz foi jogado 440 vezes
  • A pontuação média é 26 de 50
Respostas no mapa
Respostas codificadas por cores de uma escala verde-vermelha no mapa do quiz de acordo com a % correta abaixo.
 
Estatísticas das Respostas
Resposta % Correto
Califórnia
80%
Alasca
78%
Texas
77%
Flórida
76%
Havaí
73%
Washington
70%
Dakota do Sul
65%
Novo México
65%
Oregon
65%
Dakota do Norte
64%
Nevada
64%
Nova York
64%
Michigan
59%
Montana
59%
Arizona
58%
Carolina do Norte
56%
Carolina do Sul
56%
Geórgia
56%
Maine
56%
Colorado
54%
Tennessee
53%
Pensilvânia
52%
Rhode Island
52%
Minnesota
51%
Idaho
50%
Utah
50%
Alabama
49%
Louisiana
49%
Virgínia
49%
Virgínia Ocidental
49%
Nova Hampshire
46%
Nova Jersey
46%
Indiana
44%
Ohio
44%
Oklahoma
44%
Vermont
44%
Illinois
43%
Kentucky
43%
Connecticut
42%
Massachusetts
41%
Mississippi
41%
Wisconsin
41%
Wyoming
41%
Maryland
40%
Delaware
39%
Kansas
38%
Arkansas
37%
Nebraska
37%
Iowa
34%
Missouri
34%
Nenhum quiz correspondente encontrado
Distribuição das Pontuações
Porcentagem de Pessoas com Cada Pontuação
Percentil de Números Respondidos
Sua Pontuação Histórica
Você não jogou esse quiz